| 000 | 01120cam a2200325 i 4500 | ||
|---|---|---|---|
| 001 | 41318 | ||
| 003 | Mx-PuUPA | ||
| 005 | 20251127141916.0 | ||
| 008 | 140415s2005 xx gr 001 0bspa d | ||
| 017 | _aB-52.217-2004 | ||
| 020 | _a8441320640 | ||
| 040 |
_aMx-PuUPA _bspa _cMx-PuUPA _dMx-PuUPA _erda |
||
| 041 | 0 | _aspa | |
| 100 | 1 |
_aSaldívar, Dasso, _d1951- _917664 _eautor |
|
| 245 | 1 | 0 |
_aGarcía Márquez : _bel viaje a la semilla, la biografía / _cDasso Saldívar |
| 264 | 1 |
_b[lugar de publicación no identificado] : _aABC, _c©2005 |
|
| 300 |
_a477 páginas : _bilustraciones ; _c21 cm |
||
| 336 |
_2rdacontent _atexto _btxt |
||
| 337 |
_2rdamedia _asin medio _bn |
||
| 338 |
_2rdacarrier _avolumen _bnc |
||
| 490 | 0 |
_aBiografías Vivas ; _v4 |
|
| 600 | 1 | 4 |
_aGarcía Márquez, Gabriel _d1927-2014 _vBiografía |
| 650 | 7 |
_2armarc _aAutores colombianos _ySiglo XX _vBiografía |
|
| 655 | _aBiografía | ||
| 942 |
_2ddc _cLI _h863.092 _iG22 |
||
| 999 |
_c41318 _d41318 |
||